| 000 | 01494cam a22003614a 4500 | ||
|---|---|---|---|
| 999 |
_c174621 _d174621 |
||
| 001 | 12439080 | ||
| 003 | Nust | ||
| 005 | 20170203122743.0 | ||
| 008 | 010612s2001 maua b 000 0 eng | ||
| 010 | _a 2001092333 | ||
| 020 | _a9781840224351 | ||
| 040 |
_aDLC _cDLC _dDLC |
||
| 041 | 1 |
_aeng _hfre |
|
| 042 | _apcc | ||
| 043 | _ae-fr--- | ||
| 050 | 0 | 0 |
_aPQ2227 _b.H6913 2001 |
| 082 | 0 | 0 |
_a842.7 _bDUM |
| 100 | 1 |
_aDumas, Alexandre, _d1802-1870. |
|
| 240 | 1 | 0 |
_aHomme au masque de fer. _lEnglish |
| 245 | 1 | 4 |
_aThe man in the iron mask : _ba drama in five acts / _cby Alexandre Dumas, Narcisse Fournier, and Auguste Arnould ; translated by Frank J. Morlock. |
| 260 |
_aNatick, MA : _bRogue Publishing, _c2002. |
||
| 300 |
_aviii, 632 p. : _c21 cm. |
||
| 500 | _aAlso contains translated text of: Celebrated crimes : The man in the iron mask. | ||
| 504 | _aIncludes bibliographical references. | ||
| 600 | 0 | 0 |
_aMan in the Iron Mask _vDrama. |
| 651 | 0 |
_aFrance _xHistory _yLouis XIV, 1643-1715 _vDrama. |
|
| 700 | 1 |
_aFournier, N. _q(Narcisse), _d1803-1880. |
|
| 700 | 1 |
_aArnould, _cM. _q(Auguste Jean François), _d1803-1854. |
|
| 700 | 1 | _aMorlock, Frank J. | |
| 700 | 1 | 2 |
_aDumas, Alexandre, _d1802-1870. _tCrimes célèbres. _kSelections. _lEnglish. |
| 740 | 0 | 2 | _aCelebrated crimes. |
| 906 |
_a7 _bcbc _corignew _d3 _eepcn _f20 _gy-gencatlg |
||
| 942 |
_2ddc _cBK |
||